000
00275nam a2200097Ia 4500
001
663047
005
20250826160205.0
008
250824s9999 xx 000 0 und d
245
0
_a
ROMEO VE JULIET ANTİK DÜNYA KLASİKLERİ
_c
SHAKESPEARE
260
_b
ANTİK DÜNYA KLASİKLERİ
999
_c
663047
_d
663047